[Event "Yangon Zaw Win Lay Memorial"]
[Site "Yangon"]
[Date "2014.11.26"]
[Round "6"]
[White "Belous, Vladimir"]
[Black "Aung, Myint Naing"]
[Result "1-0"]
[WhiteElo "2578"]
[BlackElo "1948"]
[PlyCount "49"]
[EventDate "2014.11.24"]
[EventType "swiss"]
[EventRounds "9"]
[EventCountry "MYA"]
[SourceTitle "EXT 2016"]
[Source "ChessBase"]
[SourceDate "2015.10.08"]
[SourceVersion "1"]
[SourceVersionDate "2015.10.08"]
[SourceQuality "1"]

1. Nf3 d5 2. c4 c6 3. d4 Nf6 4. e3 e6 5. Nbd2 Be7 6. b3 Qa5 7. a3 0-0 8. Bb2 Rd8 9. Bd3 dxc4 10. b4 Qh5 11. Nxc4 Nbd7 12. h3 b5 13. Na5 Nb8 14. Qc2 Bd7 15. Ne5 Bd6 16. Nb7 Bc7 17. Nxd8 Bxd8 18. g4 Qh6 19. h4 Nd5 20. g5 Bxg5 21. Ng4 Qh5 22. Be2 Kh8 23. Ne5 Nxe3 24. fxe3 Bxh4+ 25. Kd2 1-0